=LDR 00000nam 2200000 4500 =001 NUTBA000000000000850 =005 20140403120536.0 =006 =007 =008 =020 ##$$a 978-979-060-151-2 =035 ##$$a 0010-041400000000120 =040 ##$$a Ind =082 ##$$a 526.982 =090 ##$$a 526.982$bMud t =100 ##$$a Muda, Iskandar. =245 ##$$a Teknik survei dan pemetaaan jilid 2$cIskandar muda =260 ##$$a Jakarta$bDepartemen pendidikan nasional$c2008. =300 ##$$a Xiii,336 Hlm$bIlus$c25 cm. =850 ##$$a NBPNMAT =990 ##$$a 210081112 =990 ##$$a 92582/BPAP-NTB/2014